| 000 | 00841nam a2200253 a 4500 | ||
|---|---|---|---|
| 001 | 580 | ||
| 003 | BD-RjUL | ||
| 005 | 20211208233213.0 | ||
| 008 | 950606s1995 ii a b 101 0 eng d | ||
| 020 | _a812240684x | ||
| 035 | _a(BD-RjUL)598 | ||
| 040 |
_aANL:NR _beng _cANL:NR _dANL _dBD-RjUL |
||
| 041 | _aeng | ||
| 082 | 0 | 4 |
_a004.35 _220 _bBHP 2003 |
| 100 | 1 |
_aBhujade, Moreshwar R. _91779 |
|
| 245 | 1 | 0 |
_aParallel computing / _cMoreshwar R Bhujade. |
| 260 |
_aNew Delhi : _bNew age international (p) Ltd., _cc1995 [reprinted 2001]. |
||
| 300 |
_avii, 198p. : _bill. ; _c24 cm. |
||
| 504 | _aIncludes bibliographies and index. | ||
| 650 | 0 |
_aParallel programming (Computer science) _xCongresses. _91780 |
|
| 650 | 0 |
_aTransputers _xCongresses. _91781 |
|
| 650 | 0 |
_aParallel processing (Electronic computers) _vCongresses. _91782 |
|
| 942 |
_2ddc _cBK |
||
| 999 |
_c580 _d580 |
||